00732nam a2200169Ia 4500008004100000020001500041041001200056100001500068245005100083260004000134300000800174650001600182942000700198999001700205952017000222952017000392221030s9999 xx 000 0 und d a0198093691 aEnglish aS. Sridhar 0aDesign & Analysis of Algorithmscby S. Sridhar bOxford Univ. PressaNew Delhic2019 a770 aBE Computer cBK c18673d18673 pBE 24354g950.00i67l0eRKBr2024-06-13 00:00:00w2022-10-30yBK003Print4071aMIETLIBbMIETLIBcBL-Academic Block B, FL-2, CUP-113, SH-4, R-4d2021-11-0210HBE pBE 24355g950.00i67l0eRKBr2024-06-13 00:00:00w2022-10-30yBK003Print4070aMIETLIBbMIETLIBcBL-Academic Block B, FL-2, CUP-113, SH-5, R-5d2021-11-0210HBE